Представление документа в формате RUSMARC

ПолеНазваниеЗначение
  Тип записи a
  Библиографический уровень m
001 Контрольный номер RU/IS/BASE/319558017
005 Дата корректировки 20201206203956.0
010 Индекс ISBN __
a ISBN 5-8291-0049-5
d Цена 60-00
101 Язык документа 0_
a Язык текста rus
200 Заглавие и сведения об ответственности 1_
a Заглавие Групповая психотерапия
f Первые сведения об ответственности Э. Берн
b Общее обозначение материала Текст
210 Выходные данные __
a Место издания М.
c Издательство Акад. Проект
d Дата издания 2000
215 Физическое описание __
a Объем 464 с.
225 Серия __
a Серия Концепции: теории, традици, инновации
330 Аннотация __
a Аннотация Автором дается взгляд на теорию групповой терапии и делится опытом ведения терапевтических групп. Для психотерапевтов, студентов психологических факультетов
606 Тематические рубрики __
a Основная рубрика Здравоохранение. Медицинские науки
a Основная рубрика Психиатрия
610 Ключевые слова __
a Ключевые слова психология личности; психология семьи; психотерапия; психотерапевтические методы; психотерапия; трансактный анализ; трансакция; психоанализ; гештальттерапия; психодрамы; групповой психоанализ; диагнозы; неврастения; неврозы; истерия; фобии; тревожность; депрессии; маниакально-депрессивный психоз; шизофрения; паранойя; сексуальное расстройство; наркомания; алкоголизм; подростковая психология; семейная терапия; супружеская терапия; психопатия; трансактная терапия
686 Индексы других классификаций __
a Классификационный индекс 53.571
686 Индексы других классификаций __
a Классификационный индекс 56.14
700 Автор _1
a Фамилия Берн
b Имя Э.
4 Код отношения 070
801 Источник записи _0
a Страна RU
b Организация Муниципальное бюджетное учреждение культуры "Централизованная библиотечная система" г. Сургут (Центральная городская библиотека им. А. С. Пушкина)
g Правила каталогизации КиК/Поспелова
801 Источник записи _1
a Страна RU
b Организация Муниципальное бюджетное учреждение культуры "Централизованная библиотечная система" г. Сургут (Центральная городская библиотека им. А. С. Пушкина)
g Правила каталогизации КиК/Поспелова
852 Данные о местонахождении __
j Шифр хранения 53.571
c Каталожный индекс 53.57; 56.14
i Авторский знак Б 51
901 Тип документа __
t Тип документа m
903 Характеристики (МАРС) __
a Дата передачи 20020405
990 Данные о заказе (DOS) __
j Количество экземпляров (DOS) 5
t N записи в КСУ для И/У (DOS) 200204